000
00284nam a22001217a 4500
008
170519b xxu||||| |||| 00| 0 eng d
041
_a
eng
080
_2
2ND
_a
94(7/8)
100
_a
16
101
_a
SHH
245
_a
INTERPRETATIONS OF AMERICAN HISTORY
_c
GROB, G.N
942
_2
udc
_c
BK
999
_c
13488
_d
13488